000 04775nam a22002417a 4500
003 GR-AtMCL
005 20260119133841.0
006 a|||||r|||||||||||
008 s2019||||gr ||||g ||| 000 1 gre d
020 _a9786188445901
040 _aGR-AtMCL
_bgre
_dGR-AtMCL
_eAACR2
041 1 _heng
100 _aOwens, Delia
_910273
240 1 0 _aWhere the crawdads sing.
_lΕλληνικά
245 1 0 _aΕκεί που τραγουδάνε οι καραβίδες /
_cΝτέλια Όουενς ; μετάφραση Μαργαρίτα Ζαχαριάδου
260 _aΑθήνα :
_bΔώμα,
_c2019
300 _a466 σ. ;
_c21 εκ.
520 _aΓια χρόνια, οι φήμες για την Πιτσιρίκα του Βάλτου έδιναν κι έπαιρναν στο Μπάρκλι Κόουβ, ένα ήσυχο ψαροχώρι της Βόρειας Καρολίνας. Ο θάνατος του νεαρού Τσέις Άντριους τις έκανε να φουντώσουν ακόμη περισσότερο. Ποιος θα μπορούσε να τον είχε σκοτώσει, αν όχι εκείνο το αγριοκόριτσο που ζούσε μονάχο του στα βάθη του βάλτου; Αλλά την Κάια δεν την είχαν καταλάβει. Ευαίσθητη και έξυπνη, είχε καταφέρει να επιβιώσει ολομόναχη, εγκαταλελειμμένη απ' τους ανθρώπους, παρέα με τους γλάρους και μ' όσα της δίδαξε η άμμος κι η αρμύρα. Όταν δύο νεαροί απ' το χωριό γοητεύονται απ' την άγρια ομορφιά της, η Κάια ανοίγεται σε μια καινούργια ζωή. Αλλά τότε συμβαίνει το αδιανόητο. Μια ωδή στον φυσικό κόσμο και μια σπαρακτική ιστορία ενηλικίωσης, που μας υπενθυμίζει πώς τα παιδικά μας χρόνια μάς καθορίζουν για πάντα και ότι η ανθρώπινη φύση κουβαλά αρχέγονα, βίαια μυστικά, απ' τα οποία κανένας δεν μπορεί να ξεφύγει. "Η Κάια άφησε το περιοδικό στα πόδια της με το μυαλό της να ταξιδεύει σαν τα σύννεφα. Κάποια θηλυκά έντομα τρώνε το ταίρι τους, μητέρες από την οικογένεια των θηλαστικών εγκαταλείπουν τα μικρά τους λόγω του μεγάλου στρες, πολλά αρσενικά βρίσκουν ριψοκίνδυνους ή πανούργους τρόπους ώστε το σπέρμα τους να επικρατήσει των ανταγωνιστών τους. Τίποτα δεν είναι υπερβολικά απρεπές εφόσον βοηθάει να συνεχιστεί ο κύκλος της ζωής. Η Κάια ήξερε πως αυτό δεν αποτελούσε κάποια σκοτεινή πλευρά της Φύσης· ήταν απλώς επινοητικοί τρόποι να τα βγάζεις πέρα όταν όλα είναι εναντίον σου. Και με τους ανθρώπους, το πράγμα σίγουρα πήγαινε ακόμα πιο μακριά." (Από την παρουσίαση στο οπισθόφυλλο του βιβλίου) "Επώδυνα πανέμορφο". (New York Times) "Σου κόβει την ανάσα". (The Times) «Πόσο παράξενη περίπτωση είναι η Ντέλια Όουενς. Περπατώντας ήδη την έβδομη δεκαετία της ζωής της, κι αφού προηγουμένως οι μοναδικές συγγραφικές απόπειρές της ήταν τρία memoir από τις επιστημονικές εμπειρίες της στην Αφρική, εμφανίστηκε στη λογοτεχνία πιο έτοιμη από ποτέ. Το ντεμπούτο της όχι μόνο ήταν ηχηρό, αλλά απέδειξε πως ακόμη και στην άλλη άκρη του Ατλαντικού, όπου τα Μέσα εξακολουθούν να κυριαρχούν στη δημόσια συζήτηση, υπάρχουν βιβλία που ανασύρονται από τα βάθη των ραφιών χάρη στη διαφήμιση «στόμα με στόμα».
650 0 _aΑμερικανική λογοτεχνία
_910235
700 _aΖαχαριάδου, Μαργαρίτα
_910274
942 _cBK
999 _c10065
_d10065